000 00443nam a2200157 a 4500
001 000031963
005 20200930063321.0
008 110707nuuuuuuuudr a 000 | spa d
040 _aDO-SdBNP
_bspa
_cBNPHU
082 _axxx
_bM857c
100 1 _aMorillo, Benjamín
_958127
245 1 0 _aCómo estudiar con provecho /
_cBenjamín Morillo.
260 _a[Santo Domingo] :
_b[s.n.],
_c[199u]?
300 _a71 p. :
_bil. ;
_c22 cm.
049 _aBNPD
999 _c31454
_d31454